00498nam a2200193 4500003000400000005001700004008004100021040002300062050001700085100003500102245001600137264003200153300001700185336002200202337002400224338002400248942001500272999001700287OSt20260530113922.0260520b |||||||| |||| 00| 0 spa d aICIbspacICIerda aNK1390b.A15 1aTroconi, Giovanieautor934742 aa! Diseño aMéxicoba! Diseñoc1991 a61 páginas 2rdacontentatexto 2rdamediaasin medio 2rdacarrieravolumen 2lccn1cBK c12486d12486